Estadísticas para Países con la Menor Densidad de Población

Haz click aquí para intentar la prueba.

Estadísticas generales

  • Esta prueba ha sido intentada 2.310 veces
    (1.548 desde el último reinicio)
  • La puntuación promedio es 16 de 24

Estadísticas de respuestas

DensidadPaís% Correcto
8.58Rusia
95%
3.73Canadá
93%
3.26Australia
91%
2.07Mongolia
90%
6.72Kazajistán
84%
16.0Argentina
77%
16.3Finlandia
75%
16.4Noruega
75%
15.5Arabia Saudita
73%
12.0Chad
72%
3.66Libia
72%
15.8República del Congo
70%
15.3Malí
67%
3.44Islandia
65%
3.87Mauritania
64%
2.93Namibia
64%
11.9Turkmenistán
61%
10.3Bolivia
55%
15.0Omán
50%
3.96Botsuana
49%
7.61República Centroafricana
42%
3.47Surinam
31%
3.64Guyana
30%
7.72Gabón
27%

Distribución de puntuación

Porcentaje por número respondido

Porcentaje de gente con cada puntuación

Historial de tus puntuaciones

No has intentado esta prueba desde el último reinicio